000 05492cam a22012494i 4500
003 PE-LiUPU
005 20250813185432.0
008 190812s2015 mx r 000 0 spa d
020 _a6074485186
020 _a9786074485189
035 _a(Sirsi) a252456
040 _aPE-LiUPU
_bspa
_cPE-LiUPU
_erda
049 _aPRUA
082 0 4 _a371.95660972
_bP8
_223
245 0 0 _aPrograma integral para altas capacidades "Descubriéndonos" :buna guía práctica de aplicación /
_cElena Rodríguez Naveiras, [y otros cuatro].
264 1 _aMéxico :
_bEditorial El Manual Moderno,
_c2015.
300 _axiv, 125 páginas ;
_c28 centímetros.
336 _atext
_2rdacontent
337 _aunmediated
_2rdamedia
338 _avolume
_2rdacarrier
490 0 _aElibro Catedra
505 0 _aPrograma integral para altas capacidades. Descubriéndonos: una guía práctica de aplicación -- Página legal -- Índice -- Agradecimientos -- Introducción -- Programa de actividades -- Actividades para el nivel I (de 4 a 6 años) -- Aspectos intrapersonales -- Nos presentamos -- "Me llamon y me gusta" -- Evaluación: Cuestionario "Percepción -- "Quiero venir al programa porque" -- Nosotros: autoconcepto -- "Autorretrato" -- "Yo soy" -- "Alerta, el número" -- "Proyecto del primer trimestre" -- ¿Cómo me ven los demás? -- "El trono" -- "¡Aquí está su foto!" -- "Proyecto del primer trimestre" -- Normas y autocontrol -- "En este barco hay que" -- "Juego de las estatuas" -- "Proyecto del primer trimestre" -- Emociones -- "Veo a alguien que está" -- "El baúl de las emociones" -- "Proyecto del primer trimestre" -- Autocontrol I -- "Rojo, azul" -- "Espero mi turno" -- "Proyecto del primer trimestre" -- Autocontrol II -- "El laberinto" -- Experimento: "¿Ciencia? ¡Ah!" -- "Proyecto del primer trimestre" -- Aprendemos a tolerar la frustración -- "¡Este puzzle está mal!" -- "La torre se cae -- "¿Resolvemos problemas?" -- "Presentación del -- Aspectos interpersonales -- Estados de ánimo -- "Tú caminas, él camina" -- "Tú no estabas ahí" -- "Proyecto del segundo trimestre" -- La escucha y el respeto -- "El teléfono" -- "Las palabras mágicas" -- Experimento: "Ciencia" -- "Proyecto del segundo trimestre" -- El respeto -- "¡Arriba el telón!" -- "¿Cómo nos comportamos en el cole?" -- "Proyecto del segundo trimestre" -- Colaboración, confianza y ayuda a los demás -- "Carrera de obstáculos" -- "La rueda de las órdenes" -- "El tranvía de la confianza" -- "Proyecto del segundo trimestre" -- Empatía y asertividad -- "La bruja Pirula" -- "Dime por qué" -- "Presentación del proyecto -- Aspectos cooperativos -- Comenzamos los trabajos cooperativos -- "Tengo muchas -- "Proyecto del tercer trimestre" -- Habilidades de negociación y colaboración -- "El misterio de la pirámide" -- "Proyecto del tercer trimestre -- Organización -- Experimento: "Continuamos -- "Proyecto del tercer trimestre -- Roles en el grupo y distribución de tareas -- "Alerta, el número..." -- "Proyecto del tercer (...) -- Responsabilidad, colaboración -- Experimento: "Seguimos fomentando -- "Proyecto del tercer trimestre -- Colaboración en grupo y evaluación del curso -- Actividad "Colaboramos en grupo" -- "Proyecto del tercer -- Evaluación: Cuestionario -- Evaluación del curso y presentación.
526 _aP202
526 _aP201
526 _aP163
526 _aP162
526 _aP161
526 _aP160
526 _aP148
526 _aP147
526 _aP146
526 _aP145
526 _aP144
526 _aP143
526 _aP142
526 _aP141
526 _aP140
526 _aP139
526 _aP138
526 _aP137
526 _aP136
526 _aP135
526 _aP134
526 _aP133
526 _aP129
526 _aP128
526 _aP127
526 _aP120
526 _aP119
526 _aP118
526 _aP116
526 _aP115
526 _aP114
526 _aP110
526 _aP109
526 _aP108
526 _aP104
526 _aP103
526 _aP102
526 _aP99
526 _aP98
526 _aP97
526 _aP96
526 _aP95
526 _aP93
526 _aP90
526 _aP89
526 _aP88
526 _aP83
526 _aP82
526 _aP62
526 _aP59
526 _aP58
526 _aP57
526 _aP51
526 _aP49
526 _aP48
526 _aP47
526 _aP29
526 _aP24
526 _aP20
526 _aP19
526 _aP17
526 _aP15
526 _aP14
526 _aP12
526 _aP10
526 _aP09
526 _aP08
526 _aP07
526 _aP06
526 _aP05
526 _aP04
526 _aP01
541 _g002-00001571;
650 0 4 _aNiños superdotados-
_xEducación.
650 0 4 _aEstudiantes superdotados
_xEducación.
650 0 4 _aEducación especial.
650 0 4 _aNiños especiales.
650 0 4 _aNiños talentosos.
700 1 _aRodríguez Naveiras, Elena,
_eeditor.
910 _abgr
_bksl
_cksl
_d20190812
942 _2ddc
_cBOOK
994 _aC0
_bPEPRU
596 _a1
999 _a371.95660972 P8
_wDEWEY
_c31681
_i80526
_f2021-11-8
_g3
_lCCODEBUL1
_mBUL
_p23.07
_r0
_sY
_tBOOK
_u2019-8-12
_xEDUCACION
_PP33
_0COMPRA
_1FCOMPR3
_o.STAFF. Colección Ciencias de la Salud
_d31681
980 _81
_gALBERTO SANCHEZ Responsable de Automatización